| 000 -ლიდერი |
| ფიქსირებული სიგრძის საკონტროლო ველი |
01634nam a22002897a 4500 |
| 003 - საკონტროლო ნომრის იდენტიფიკატორი |
| საკონტროლო ველი |
Ge_BSU |
| 005 - ბოლო ოპერაციის თარიღი და დრო |
| საკონტროლო ველი |
20230522092527.0 |
| 008 - ფიქსირებული სიგრძის მონაცემთა ელემენტები - ზოგადი ინფორმაცია |
| ფიქსირებული სიგრძის საკონტროლო ველი |
230522s2008 ge ||||| |||| 00| 0 geo d |
| 020 ## - წიგნის საერთაშორისო სტანდარტული ნომერი |
| International Standard Book Number |
9789941123641 |
| 041 ## - ენის კოდი |
| Language code of text/sound track or separate title |
geo |
| 080 ## - უნივერსალური ათობითი კლასიფიკაციის ინდექსი |
| Universal Decimal Classification number |
94(=353.1)+39(=353.1) ქ-27 |
| 245 ## - ცნობა სათაურის შესახებ |
| Title |
ქართველთა ეთნიკური კულტურის საკითხები / |
| Statement of responsibility, etc |
რ. თოფჩიშვილი, გ. გოცირიძე, რ. გუჯეჯიანი და სხვ. ; თსუ ისტ. და ეთნოლ. ინ-ტი. |
| 264 ## - წარმოების, გამოცემის, დისტრიბუციის და სხვა ცნობები |
| გამოცემის, წარმოების, დისტრიბუციის... ადგილი |
თბილისი : |
| გამოცემის, წარმოების, დისტრიბუციის... სახელწოდება |
უნივერსალი, |
| გამოცემის, წარმოების, დისტრიბუციის... თარიღი |
2008. |
| 300 ## - ფიზიკური აღწერა |
| Extent |
195გვ. ; |
| Other physical details |
20სმ. |
| 504 ## - BIBLIOGRAPHY, ETC. NOTE |
| Bibliography, etc |
ბიბლიოგრ. ნარკვევების ბოლოს. |
| 653 ## - INDEX TERM--UNCONTROLLED |
| Uncontrolled term |
ქართველების ისტორია |
| 653 ## - INDEX TERM--UNCONTROLLED |
| Uncontrolled term |
ქართველების ეთნოგრაფია |
| 653 ## - INDEX TERM--UNCONTROLLED |
| Uncontrolled term |
ქართველთა ყოფა და ტრადიციები |
| 700 ## - ADDED ENTRY--PERSONAL NAME |
| Personal name |
თოფჩიშვილი, როლანდ |
| Relator term |
ავტორი |
| 9 (RLIN) |
4620 |
| 700 ## - ADDED ENTRY--PERSONAL NAME |
| Personal name |
გოცირიძე, გ. |
| Relator term |
ავტორი |
| 9 (RLIN) |
3122 |
| 700 ## - ADDED ENTRY--PERSONAL NAME |
| Personal name |
გუჯეჯიანი, რ. |
| Relator term |
ავტორი |
| 9 (RLIN) |
18154 |
| 700 ## - ADDED ENTRY--PERSONAL NAME |
| Personal name |
იოსელიანი, ხ. |
| Relator term |
ავტორი |
| 9 (RLIN) |
18155 |
| 700 ## - ADDED ENTRY--PERSONAL NAME |
| Personal name |
ღუდუშაური, თ. |
| Relator term |
ავტორი |
| 9 (RLIN) |
18156 |
| 700 ## - ADDED ENTRY--PERSONAL NAME |
| Personal name |
ხუციშვილი, ქ. |
| Relator term |
ავტორი |
| 9 (RLIN) |
6374 |
| 710 ## - ADDED ENTRY--CORPORATE NAME |
| Corporate name or jurisdiction name as entry element |
თსუ |
| Subordinate unit |
ისტორიისა და ეთნოლოგიის ინ-ტი. |
| 9 (RLIN) |
18157 |
| 942 ## - ADDED ENTRY ELEMENTS (KOHA) |
| Source of classification or shelving scheme |
|
| Koha item type |
წიგნი |